Teaching myself : New perspectives (Personal and professional development for teachers)

The book provide effective professional development for english skill.

Uloženo v:
Podrobná bibliografie
Hlavní autor: Dufeu, Bernard
Médium: Kniha
Jazyk:Undetermined
Vydáno: Oxford Oxford Univ. Press 1994
Témata:
Tagy: Přidat tag
Žádné tagy, Buďte první, kdo otaguje tento záznam!
Thư viện lưu trữ: Trung tâm Học liệu Trường Đại học Cần Thơ
LEADER 00678nam a2200217Ia 4500
001 CTU_65731
008 210402s9999 xx 000 0 und d
020 |b 91000 
082 |a 371.3 
082 |b D854 
100 |a Dufeu, Bernard 
245 0 |a Teaching myself : 
245 0 |b New perspectives (Personal and professional development for teachers) 
245 0 |c Bernard Dufeu ; Series Editors Alan Maley 
260 |a Oxford 
260 |b Oxford Univ. Press 
260 |c 1994 
520 |a The book provide effective professional development for english skill. 
650 |a Teaching methods 
904 |i Minh 
980 |a Trung tâm Học liệu Trường Đại học Cần Thơ